000 01108nam a22003017a 4500
001 BR9703873
003 BR-BrBNA
005 20230928095654.0
007 ta
008 230509b bl.||||| |||| 00| 0 por d
040 _aBR-BrBNA
_bpor
_cBiblioteca Nacional de Agricultura
041 _a(Por)
072 _aF30; H10
_b1850
_b4020
090 _ 1850 BR9703873
100 1 _aLima, A.A. de F.
110 1 _aUniversidade Federal Rural de Pernambuco, Recife (Brasil)
_0Tese (Mestre em Fitossanidade)
245 1 _aIdentificacao de fontes de resistencia em cultivares de tomateiro (Lycopersicon esculentum Miller a Neoleucinodes elegantalis (Guenee, 1854)(Lepidoptera: Pyralidae)e influencia da idade e da posicao dos frutos sobre os danos causados
260 3 _aRecife, PE (Brasil):
_c1996.
300 _a75 p.
500 _aBibliography p. 53-60; Summaries (Eng, Por); 43 tables; 5 illus.
650 _aTomate
650 _aBroca do Fruto
650 _aVariedade Resistente
650 _aControle Quimico
650 _aControle Biologico
909 _a202309
_bLucia
_c55
_dLucia Elande
942 _cBK
999 _c57999
_d57999